00343nam a2200097Ia 4500008004100000100002200041245011200063260004000175300001000215650002000225220216s9999 xx 000 0 und d aKachintorn Suriya 0aIndustry ministry allocates credit to SMEs 50,000 million Bht: Rubber industry urged to join scheme in 2000 bRubber International Magazinec2000 a39-46 aRubber industry